000 00718nam a2200241Ia 4500
999 _c54747
_d54747
001 21814
003 GE_BSU
005 20260130151803.0
008 181216s1995||||gw |||||||||||||| ||ger||
020 _a3860572709
040 _cGE_BSU
041 _ager
080 _a811.112 L-97
100 _a Lutzeier, Peter R.
_926771
245 _aLexikologie:
_bEin Arbeitsbuch /
_cPeter R. Lutzeier
264 _aTubingen :
_bStauffenburg Verlag,
_c1995.
300 _a167 p.
_b 24 cm.
653 _aLexikologie
653 _aEin Arbeitsbuch
653 _aგერმანული ენა
653 _aშესავალი გერმანიკულ ფილოლოგიაში
942 _cBK
_2udc